00627nam a2200157Ia 4500008004000000082001600040100002400056245004600080260008500126300001000211650003400221690002000255906001100275999001900286952016400305210210b1997 xxu||||| |||| 00| 0 eng d a363.73 KOSE aKOSHY (Mathew), Ed. aEnvironmental problems of the modern age. aKerala.bKerala Council of Churches & ecumenical Devpt Training Programme.c1997 av,134 aModern environmental problems aSocial Problems a052537 c100826d100826 001040708Social WorkaALbALcSocial Workd2021-02-17eAthree Book Centre, Mangalore-01.g90.00l0o363.73 KOSEp052537r2021-02-17 00:00:00w2021-02-17yBK